000 01751 a2200217 4500
001 56813
005 20260407155831.0
008 260407a1958 arg spa d
003 AR-UNSa-BCEJYS
040 _aAR-UNSa-BCEJYS
_bspa
_cAR-UNSa-BCEJYS
080 _a001.8
_xMetodología. Estudio general del método. Procedimientos científicos y técnicos para el estudio, La investigación y la discusión
245 1 0 _aMetodología de la ciencia económica
_plos problemas actuales del análisis económico, sus enfoques fundamentales
264 1 _aMéxico :
_bEl Ateneo
_c1958
300 _a246 p.
_c22 cm.
505 _a1. El enfoque macroeconómico - Sección1.El análisis del comportamiento individual del hombre ´´social´´ - sección 2.Estudio de los resultados; investigación acerca de los principios de la actividad de los grupos, considerado como tales – sección 3.El problema del tránsito del análisis microeconómico al análisis macroeconómico – sección 4. El recurso del análisis macroeconómico implica acaso el abandono del análisis subjetivo(o cualitativo) y el triunfo del análisis objetivo – 2.El enfoque dinámico – sección 1.La convergencia histórica de las diversas concepciones sobre la dinámica; definición y característica del análisis dinámico moderno – sección 2.La dinámica a corto plazo o dinámica ´´en el sistema ´´ -sección 3. La dinámica a largo plazo o dinámica ´´de los sistemas´´- sección 4. Como se efectúa el paso del periodo corto al periodo largo y el periodo de la unidad de las dinámicas económicas.
942 _cBK
590 _aniveau_biblio:m niveau_hierar:0
100 1 _aMarchal, André
700 1 _aDimitriu, Constantino
700 1 _aMancini, Luis J.
999 _c6053
_d6053